000 01657nam a2200325 a 4500
001 60557
003 BD-RjUL
005 20211209080846.0
008 170101s1995 bg b s o000 0 eng d
020 _a9845081592
_c: Tk 400.00 (Inland)
035 _a(BD-RjUL)60681
035 _a(OCoLC)ocm27450619
035 _a(NNC)1450898
040 _aDLC
_cDLC
_dDLC
_dBD-RjUL
_beng
041 0 _aengben
082 _223
_a304.6095492021
_bBRA 1995 (CS)
110 _aBangladesh Bureau Of Statistics.
_9179266
245 1 0 _aBangladesh population census, 1991 = বাংলাদেশ আদমশুমারী, ১৯৯১ :
_bCommunity series, Zila : Brahmanbaria = কমিউনিটি সিরিজ, জেলা: ব্রাক্ষনবাড়িয়া /
_cBangladesh Bureau Of Statistics.
246 _aবাংলাদেশ আদমশুমারী, ১৯৯১ :
_bকমিউনিটি সিরিজ, জেলা: ব্রাক্ষনবাড়িয়া
260 _aDhaka :
_bBBS,
_c1995.
300 _axiv, 224 p. :
_bIll. ;
_c28 cm.
490 _aCommunity series, Zila: Brahmanbaria
490 _aকমিউনিটি সিরিজ, জেলা: ব্রাক্ষনবাড়িয়া
500 _aPrefatory matter in Bengali and English.
651 _aBangladesh
_zBrahmanbaria
_vCensus, 1991.
_9180354
651 _aBangladesh
_zBrahmanbaria
_xPopulation
_vStatistics.
_9180355
830 _aCommunity series, Zila: Brahmanbaria
_9180356
830 _aকমিউনিটি সিরিজ, জেলা: ব্রাক্ষনবাড়িয়া
_9180357
942 _2ddc
_cRAR
999 _c60557
_d60557